LEADER 01439nam2 22003613i 450 001 MIL0337231 005 20231121125545.0 100 $a20170406d1832 ||||0itac50 ba 101 | $agrc$alat 102 $ade 181 1$6z01$ai $bxxxe 182 1$6z01$an 200 1 $a˜2: œAristotelous Ta meta ta Physika. Aristotelis Metaphysica$ead optimorum librorum fidem accurate edita 205 $aEditio stereotypa 210 $aLipsiae$csumptibus et typis Car. Tauchnitii$d1832 215 $aVI, 308 p.$d15 cm 462 1$1001MIL0337230$12001 $aAristotelis opera omnia$v2$1700 0$aAristoteles$3CFIV009389$4070 500 10$aMetaphysica$3CFI0213375$9CFIV009389$912962 517 1 $a Ta meta ta fysika$9CFI0334621 606 $aAristotele . Metafisica$xRistampe anastatiche$2FIR$3RMLC436322$9E 700 0$aAristoteles$3CFIV009389$4070$04207 790 0$aAristotele$3CFIV009390$zAristoteles 790 0$aAristote$3CFIV094388$zAristoteles 790 0$aAristotle$3CFIV203868$zAristoteles 790 0$aAristotél?s$3CFIV263964$zAristoteles 801 3$aIT$bIT-01$c20170406 850 $aIT-FR0017 899 $aBiblioteca umanistica Giorgio Aprea$bFR0017 $eN 912 $aMIL0337231 950 2$aBiblioteca umanistica Giorgio Aprea$d 52DFA COLL E ARS 1.2$e 52FLS0000324625 VMC RS $fB $h20170406$i20170406 977 $a 52 996 $aMetaphysica$912962 997 $aUNICAS